Mitos Hititas. Entre oriente y occidente.

Gespeichert in:
Bibliographische Detailangaben
Weitere Verfasser: Bernabé Pajares, Alberto (HerausgeberIn)
Format: Unbekannt
Veröffentlicht: Madrid, España: Akal, 2015.
Schriftenreihe:Indoeuropeo. Oriente
Schlagworte:
Tags: Tag hinzufügen
Keine Tags, Fügen Sie den ersten Tag hinzu!

MARC

LEADER 00000 a2200000 4500
003 CL-VaPUC
005 20221107110306.0
008 221019t2015 ||||| |||| 00| 0 eng d
999 |c 438760  |d 438758 
020 |a 978-84-460-4012-5 
040 |c Pontificia Universidad Católica de Valparaíso 
082 7 |a 299.199 BER 2015  |2 22 
100 |a Bernabé Pajares, Alberto   |9 876723  |e editor 
245 |a Mitos Hititas.  |b Entre oriente y occidente. 
260 |a Madrid, España:  |b Akal,  |c 2015. 
300 |a 287 páginas. 
490 |a Indoeuropeo.  |a Oriente  |n  14. 
583 |k Cristina María Rojas Aguilar  |c 20221019 
650 |a Hititas  |x Religión   |9 878029 
650 |a Hititas  |x Mitología   |9 878030 
942 |2 ddc  |c BK 
952 |0 0  |1 0  |2 ddc  |4 0  |6 299_199000000000000_BER_2015  |7 0  |8 A  |9 587282  |a BIBHIS  |b BIBHIS  |c GEN  |d 2022-10-14  |e 3  |g 25633.00  |i 5655215  |o 299.199 BER 2015  |p 5655215  |r 2025-01-20  |t 1  |v 25633.00  |w 2022-10-14  |y BK  |k HIS